[Event "Titled Tuesday intern op 08th Mar Early"]
[Site "Chess.com INT"]
[Date "2022.03.08"]
[Round "9"]
[White "Mohammadian, Mohammad"]
[Black "Krylov, Ivan"]
[Result "0-1"]
[WhiteElo "1454"]
[BlackElo "2426"]
[PlyCount "56"]
[EventDate "2022.03.08"]
[EventType "swiss (blitz)"]
[EventRounds "11"]
[EventCountry "USA"]
[SourceTitle "CBM 207 Extra"]
[Source "ChessBase"]
[SourceDate "2022.05.31"]
[SourceVersion "1"]
[SourceVersionDate "2022.05.31"]
[SourceQuality "1"]

1. e4 c6 2. d4 d5 3. Nd2 dxe4 4. Nxe4 Nd7 5. Nf3 Ndf6 6. Ng3 Bg4 7. Be2 e6 8. 0-0 Bd6 9. c4 Ne7 10. Bg5 h6 11. Bxf6 gxf6 12. Re1 Qc7 13. Rc1 0-0-0 14. a3 Bxg3 15. hxg3 h5 16. d5 exd5 17. cxd5 Rxd5 18. Qa4 Kb8 19. b4 Bxf3 20. Bxf3 Rb5 21. Be2 Rb6 22. Bf3 Rb5 23. Rc2 Re5 24. Rec1 Qb6 25. Qb3 Re6 26. Rd1 h4 27. gxh4 Rxh4 28. Rd7 Re1# 0-1

[Event "Titled Tuesday intern op 22nd Feb Early"]
[Site "Chess.com INT"]
[Date "2022.02.22"]
[Round "9"]
[White "Ianov, Viktor"]
[Black "Krylov, Ivan"]
[Result "0-1"]
[WhiteElo "2279"]
[BlackElo "2426"]
[PlyCount "54"]
[EventDate "2022.02.22"]
[EventType "swiss (blitz)"]
[EventRounds "11"]
[EventCountry "USA"]
[SourceTitle "CBM 207 Extra"]
[Source "ChessBase"]
[SourceDate "2022.05.31"]
[SourceVersion "1"]
[SourceVersionDate "2022.05.31"]
[SourceQuality "1"]

1. Nf3 d5 2. g3 Nf6 3. Bg2 e6 4. 0-0 Be7 5. d4 0-0 6. b3 b5 7. c4 bxc4 8. bxc4 Bb7 9. Ne5 Nbd7 10. Nc3 c6 11. Rb1 Rb8 12. Bf4 Nxe5 13. Bxe5 Bd6 14. Bxd6 Qxd6 15. e4 dxe4 16. Nxe4 Nxe4 17. Bxe4 Ba6 18. Qa4 Qxd4 19. Bxh7+ Kxh7 20. Qxa6 Rxb1 21. Rxb1 c5 22. Rb7 Kg6 23. Rxa7 Rd8 24. Qb7 Qf6 25. Qe4+ Kh6 26. Qe3+ Kg6 27. Qxc5 Qf3 0-1

[Event "Titled Tuesday intern op 22nd Feb Early"]
[Site "Chess.com INT"]
[Date "2022.02.22"]
[Round "5"]
[White "Krylov, Ivan"]
[Black "Pires, Marcos Vinicius Tor"]
[Result "0-1"]
[WhiteElo "2426"]
[BlackElo "2302"]
[PlyCount "70"]
[EventDate "2022.02.22"]
[EventType "swiss (blitz)"]
[EventRounds "11"]
[EventCountry "USA"]
[SourceTitle "CBM 207 Extra"]
[Source "ChessBase"]
[SourceDate "2022.05.31"]
[SourceVersion "1"]
[SourceVersionDate "2022.05.31"]
[SourceQuality "1"]

1. e4 c5 2. Nf3 g6 3. c3 Bg7 4. d4 cxd4 5. cxd4 d5 6. e5 Bg4 7. h3 Bxf3 8. Qxf3 Nc6 9. Be3 e6 10. Nc3 Nge7 11. Bd3 0-0 12. h4 f6 13. exf6 Rxf6 14. Qg4 Nf5 15. Bg5 Ncxd4 16. Bxf6 Qxf6 17. h5 g5 18. 0-0 Rf8 19. Ne2 e5 20. Nxd4 Nxd4 21. Qd7 Rd8 22. Qxb7 e4 23. Ba6 Qf4 24. Qxa7 Be5 25. g3 Nf3+ 26. Kg2 Nh4+ 27. Kh2 Qg4 28. Qe3 Nf3+ 29. Kg2 d4 30. Qc1 Nh4+ 31. Kh2 h6 32. Bc4+ Kh7 33. Qd2 Qxh5 34. Be2 Nf3+ 35. Kg2 Qh2# 0-1